000 00940nam a2200253 a 4500
001 BRCA_3762
005 20190320204420.0
008 061009s1994----mx-h---###---#000-0#spa-#
020 _a9686815058
041 _aspa
044 _amx
050 4 _aF1213
_b.P45 1994
100 1 _aPhillips, John
_d1800-1874
_99809
245 1 0 _aMéxico ilustrado
_cJohn Phillips ; coordinación editorial Manuel Ramos Medina ; nota introductoria José N. Iturriaga.
260 _aMéxico
_bCentro de Estudios de História de México CONDUMEX
_c1994
300 _a23 p.
_bil., 26 láminas a color
_c54 cm.
500 _aReproducción facsimilar de la primera edición (Londres, 1848)
500 _aPor su formato NO se presta a domicilio
651 4 _aMéxico
_xDescripción y viajes
_9103
651 4 _aMéxico
_xDescripción y viajes
_ySiglo XVIII
_99810
700 1 _aRamos Medina, Manuel
_99811
700 1 _aIturriaga, José N
_99812
942 _2lcc
_cB
999 _c3491
_d3491